000 00296nam a2200097Ia 4500
082 _a650.144 FRY
245 0 _a101 great answers to the toughest interview questions
100 _a FRY, Ronald W. Boston, MA, 2009 6th ed
_971780
942 _cBK
008 210817s9999 xx 000 0 und d
999 _c388119
_d388118